| 000 | 01642nam0a22003731 4500 | ||
|---|---|---|---|
| 001 | v19\rc\1794153 | ||
| 005 | 20250619081129.0 | ||
| 035 | _a(NLR Aleph) 004885092 | ||
| 090 |
_a5211097 _c5211097 |
||
| 100 | _a20061204d1905 |||y0rusy50 ca | ||
| 101 | 0 | _arus | |
| 102 | _aRU | ||
| 105 | _ay z |||h| | ||
| 200 | 1 |
_aДело Бабаниных _eРечь Ф.Н. Плевако _e[Полтавский окр. суд. Заседание 9 нояб. 1872 г.] |
|
| 210 |
_aМосква _cпечатня А.И. Снегиревой _d1905 |
||
| 215 |
_a40 с. _d19 |
||
| 225 | 1 |
_aСудебные драмы _v1905, Т. 24, кн. 3 |
|
| 300 | _aПеред загл. серия: Судебные ораторы | ||
| 300 | _aЗагл. на кол.: Дело семьи Бабаниных. Оскорбление действием и угрозы | ||
| 517 | 0 |
_aДело семьи Бабаниных _eОскорбление действием и угрозы |
|
| 700 | 1 |
_aПлевако _bФ.Н. _f1843-1908 _gФедор Никифорович |
|
| 702 | 1 |
_aБабанин _bС.Е. _gСтепан Егорович _4570 |
|
| 702 | 1 |
_aБабанин _bА.С. _gАлександр Степанович _4570 |
|
| 702 | 1 |
_aБабанин _bС.С. _gСтепан Степанович _4570 |
|
| 702 | 1 |
_aБабанин _bЕ.С. _gЕгор Степанович _4570 |
|
| 712 | 0 | 2 | _aПолтавский окружной суд |
| 801 | 0 |
_aRU _bNLR _gpsbo |
|
| 801 | 0 |
_aRU _bRuMoRGB _2psbo |
|
| 801 | 1 |
_aRU _bProSoft-M _2rusmarc |
|
| 852 |
_aNLR _j2/1499 |
||
| 899 |
_aRuMoRGB _jIV 15/66 |
||
| 899 |
_aRuMoRGB _jXVIII 27/31 |
||
| 942 | _cBOOK | ||
| 980 | _aNB | ||